Catálogo
 En Linea

Dominicanismos / (Registro nro. 16184)

Detalles MARC
000 -CABECERA
campo de control de longitud fija 00728nam a2200217 a 4500
001 - NÚMERO DE CONTROL
campo de control 000016651
003 - IDENTIFICADOR DEL NÚMERO DE CONTROL
campo de control DO-SdBNP
005 - FECHA Y HORA DE LA ÚLTIMA TRANSACCIÓN
campo de control 20240605140414.0
008 - DATOS DE LONGITUD FIJA--INFORMACIÓN GENERAL
campo de control de longitud fija 100308s1947 dr r 000 0 spa d
040 ## - FUENTE DE LA CATALOGACIÓN
Centro catalogador/agencia de origen DO-SdBNP
Lengua de catalogación spa
Centro/agencia transcriptor BNPHU
082 #4 - NÚMERO DE LA CLASIFICACIÓN DECIMAL DEWEY
Número de clasificación R 467.97293
Número de documento/Ítem P298d, 1947
Número de edición 22
100 1# - ENTRADA PRINCIPAL--NOMBRE DE PERSONA
Nombre de persona Patín Maceo, Manuel A.,
Forma completa/desarrollada del nombre (Manuel Antonio)
Fechas asociadas al nombre 1892-1968
9 (RLIN) 36996
245 10 - MENCIÓN DE TÍTULO
Título Dominicanismos /
Mención de responsabilidad, etc. Manuel P. Patín Maceo.
250 ## - MENCIÓN DE EDICIÓN
Mención de edición 2a. ed., aum. y corrg.
260 ## - PUBLICACIÓN, DISTRIBUCIÓN, ETC.
Lugar de publicación, distribución, etc. Ciudad Trujillo, :
Nombre del editor, distribuidor, etc. Librería Dominicana,
Fecha de publicación, distribución, etc. 1947.
300 ## - DESCRIPCIÓN FÍSICA
Extensión 206 p. ;
Dimensiones 23 cm.
590 ## - NOTA LOCAL (RLIN)
Nota local Inventariado, 2018/VM
650 #4 - PUNTO DE ACCESO ADICIONAL DE MATERIA--TÉRMINO DE MATERIA
Término de materia o nombre geográfico como elemento de entrada Dominicanismos
Subdivisión de forma Diccionarios
9 (RLIN) 9496
Subdivisión general Español
650 #4 - PUNTO DE ACCESO ADICIONAL DE MATERIA--TÉRMINO DE MATERIA
Término de materia o nombre geográfico como elemento de entrada Español
Subdivisión general Palabras y frases
Subdivisión de forma Diccionarios
9 (RLIN) 19009
942 ## - ELEMENTOS DE PUNTO DE ACCESO ADICIONAL (KOHA)
Fuente del sistema de clasificación o colocación Dewey Decimal Classification
Tipo de ítem Koha Libro
Existencias
Estado de retiro Estado de pérdida Restricciones de uso No para préstamo Código de colección Localización permanente Ubicación/localización actual Ubicación en estantería Fecha de adquisición Número de inventario Total de préstamos Signatura topográfica completa Código de barras Fecha visto por última vez Precio válido a partir de Tipo de ítem Koha Nota pública
        Raros y valiosos Patrimonio Dominicano Patrimonio Dominicano Depósito 08.03.2010 LF1   R 467.97293 P298d, 1947 16651-10 25.06.2020 25.06.2020 Préstamo en sala Perteneció a la biblioteca personal de Carlos Larrabazal Blanco.

Con tecnología Koha